[Event "FIDE World Blitz-ch Women 2018"]
[Site "St. Petersburg"]
[Date "2018.12.30"]
[Round "14.18"]
[White "Muzychuk, Mariya"]
[Black "Mirzoeva, Elmira"]
[Result "1/2-1/2"]
[WhiteElo "2540"]
[BlackElo "2281"]
[Annotator "TA"]
[PlyCount "72"]
[EventDate "2018.12.19"]
[EventType "swiss"]
[EventCountry "RUS"]
[SourceTitle "playchess.com"]
[Source "ChessBase"]
[SourceQuality "1"]

1. e4 d6 2. d4 Nf6 3. Nc3 e5 4. Nf3 Nbd7 5. Bc4 Be7 6. a4 c6 7. O-O O-O 8. h3 a5 9. Be3 exd4 10. Nxd4 Nb6 11. Bb3 d5 12. e5 Nfd7 13. Bf4 Nc5 14. Re1 Bg5 15. Qd2 Bxf4 16. Qxf4 h6 17. Nce2 Qg5 18. Qxg5 hxg5 19. Ng3 g6 20. Re3 Bd7 21. Nf3 g4 22. hxg4 Bxg4 23. Ne2 Rfe8 24. Ned4 Re7 25. c3 Rae8 26. Rae1 Nxb3 27. Nxb3 Nxa4 28. Nxa5 Bxf3 29. gxf3 Nxb2 30. Rb1 Na4 31. Rxb7 Rxe5 32. Rxe5 Rxe5 33. Nxc6 Re1+ 34. Kg2 Nxc3 35. Rb3 d4 36. Nxd4 Nd5 1/2-1/2

[Event "FIDE World Blitz-ch Women 2018"]
[Site "St. Petersburg"]
[Date "2018.12.30"]
[Round "14.19"]
[White "Shuvalova, Polina"]
[Black "Ambartsumova, Karina"]
[Result "1-0"]
[WhiteElo "2441"]
[BlackElo "2383"]
[Annotator "TA"]
[PlyCount "88"]
[EventDate "2018.12.19"]
[EventType "swiss"]
[EventCountry "RUS"]
[SourceTitle "playchess.com"]
[Source "ChessBase"]
[SourceQuality "1"]

1. e4 c5 2. Nf3 Nc6 3. Bb5 e6 4. O-O Nge7 5. Re1 a6 6. Bxc6 Nxc6 7. d4 cxd4 8. Nxd4 d6 9. Nc3 Be7 10. Nxc6 bxc6 11. Qg4 g6 12. Bh6 e5 13. Qg3 Be6 14. Rad1 Qc7 15. b3 a5 16. h3 f6 17. Bc1 Kf7 18. Kh1 g5 19. Ba3 Rad8 20. Qd3 h5 21. Ne2 h4 22. c4 g4 23. Ng1 Qc8 24. Kh2 f5 25. exf5 Bxf5 26. Qe3 Rhg8 27. c5 Bg5 28. Qe2 Bf4+ 29. Kh1 d5 30. Bc1 gxh3 31. Bxf4 hxg2+ 32. Kh2 exf4 33. Qe7+ Kg6 34. Nf3 Rde8 35. Qd6+ Kh5 36. Qxf4 Rg4 37. Qd6 Rxe1 38. Rxe1 Be4 39. Qe5+ Kg6 40. Qd6+ Kh7 41. Ne5 g1=Q+ 42. Rxg1 Rxg1 43. Kxg1 Qg8+ 44. Kf1 Qg5 1-0

[Event "FIDE World Blitz-ch Women 2018"]
[Site "St. Petersburg"]
[Date "2018.12.30"]
[Round "14.20"]
[White "Guichard, Pauline"]
[Black "Drozdova, Dina"]
[Result "0-1"]
[WhiteElo "2378"]
[BlackElo "2178"]
[Annotator "NA"]
[PlyCount "86"]
[EventDate "2018.12.19"]
[EventType "swiss"]
[EventCountry "RUS"]
[SourceTitle "playchess.com"]
[Source "ChessBase"]
[SourceQuality "1"]

1. d4 Nf6 2. Nf3 e6 3. Bf4 b6 4. e3 Bb7 5. Bd3 c5 6. Nbd2 d6 7. O-O Be7 8. h3 Nbd7 9. Qe2 O-O 10. c3 cxd4 11. exd4 Re8 12. a4 Nd5 13. Bg3 N7f6 14. Nc4 g6 15. Bh4 Nf4 16. Qd2 Nxd3 17. Qxd3 Rc8 18. Nfd2 Ba6 19. Bxf6 Bxf6 20. d5 exd5 21. Qxd5 Rc5 22. Qf3 Bxc4 23. Rfe1 Rxe1+ 24. Rxe1 Bd5 25. Qe2 Kg7 26. c4 Bb7 27. b3 Re5 28. Qd1 Rxe1+ 29. Qxe1 Qd7 30. Qe3 Qc6 31. Nf3 d5 32. cxd5 Qxd5 33. Qe8 Bc6 34. Qe3 a5 35. Kh2 Qd6+ 36. Kg1 Bxf3 37. Qxf3 Qb4 38. Qd3 Qc3 39. Qd5 Qc5 40. Qd1 h5 41. g3 Be5 42. h4 Bxg3 43. Qf3 Bxh4 0-1

[Event "FIDE World Blitz-ch Women 2018"]
[Site "St. Petersburg"]
[Date "2018.12.30"]
[Round "14.21"]
[White "Javakhishvili, Lela"]
[Black "Chernyak, Viktoria"]
[Result "1-0"]
[WhiteElo "2464"]
[BlackElo "2186"]
[Annotator "ChessBase"]
[PlyCount "55"]
[EventDate "2018.12.19"]
[EventType "swiss"]
[EventCountry "RUS"]
[SourceTitle "playchess.com"]
[Source "ChessBase"]
[SourceQuality "1"]

1. c4 c6 2. Nf3 d5 3. e3 Nf6 4. b3 e6 5. Bb2 Be7 6. Nc3 b6 7. Rg1 h5 8. Qc2 Bb7 9. O-O-O Nbd7 10. Kb1 Qc7 11. Rc1 dxc4 12. Bxc4 O-O-O 13. d4 Kb8 14. h3 h4 15. Qe2 Rc8 16. Rc2 Bb4 17. Rgc1 Qd6 18. Ba6 Ba3 19. Ng5 Rhf8 20. Nce4 Qe7 21. Bxb7 Kxb7 22. Bxa3 Qxa3 23. Qf3 Nxe4 24. Nxe4 f5 25. Nd2 Qd6 26. Nc4 Qd5 27. Qxd5 exd5 28. Nd6+ 1-0

[Event "FIDE World Blitz-ch Women 2018"]
[Site "St. Petersburg"]
[Date "2018.12.30"]
[Round "14.22"]
[White "Nomin-Erdene, Davaademberel"]
[Black "Voit, Daria"]
[Result "1/2-1/2"]
[WhiteElo "2376"]
[BlackElo "2358"]
[Annotator "NA"]
[PlyCount "163"]
[EventDate "2018.12.19"]
[EventType "swiss"]
[EventCountry "RUS"]
[SourceTitle "playchess.com"]
[Source "ChessBase"]
[SourceQuality "1"]

1. e4 c5 2. Nf3 g6 3. d4 cxd4 4. Qxd4 Nf6 5. e5 Nc6 6. Qa4 Nd5 7. Qb3 Nc7 8. Bf4 Bg7 9. Nc3 O-O 10. O-O-O d6 11. exd6 exd6 12. Bxd6 Re8 13. Bc4 Be6 14. Bxe6 Nxe6 15. Be5 Bh6+ 16. Kb1 Qa5 17. Nd5 Nxe5 18. Nxe5 Bg7 19. Nc4 Qc5 20. Nce3 Rac8 21. Qb4 f5 22. Qxc5 Rxc5 23. c3 Ng5 24. f3 Nf7 25. Rhe1 Kf8 26. Nb4 Be5 27. Nd3 Rc6 28. Nxe5 Nxe5 29. Nd5 Kf7 30. f4 Nc4 31. Rxe8 Kxe8 32. Re1+ Kf8 33. Kc2 Rd6 34. b3 Na3+ 35. Kb2 Rxd5 36. Kxa3 Rd2 37. Rg1 Ke7 38. h3 Rf2 39. g3 Rf3 40. Kb4 Kd6 41. Kc4 h5 42. h4 Re3 43. Kd4 Rf3 44. c4 Rf2 45. a3 Rf3 46. b4 Rxa3 47. c5+ Kd7 48. Ke5 Ke7 49. Kd5 Kd7 50. b5 Rd3+ 51. Ke5 Rc3 52. Kd4 Rb3 53. Kc4 Rf3 54. Kd4 Rb3 55. Kc4 Rf3 56. Kd5 Rd3+ 57. Ke5 Ke7 58. Rc1 Rxg3 59. c6 bxc6 60. bxc6 Kd8 61. Ra1 Kc7 62. Rxa7+ Kxc6 63. Rg7 Rg4 64. Rg8 Kc5 65. Rc8+ Kb4 66. Rc6 Kb5 67. Rf6 Kc4 68. Rd6 Kc3 69. Kf6 Kc4 70. Ke5 Kc5 71. Rd5+ Kc4 72. Rd6 Kc3 73. Kf6 Kc4 74. Kg7 Rxh4 75. Kxg6 Rxf4 76. Kxh5 Kc5 77. Rd1 Rf2 78. Kg5 Kc4 79. Rd8 Kc5 80. Rd7 Kc4 81. Rf7 Kd4 82. Rxf5 1/2-1/2

[Event "FIDE World Blitz-ch Women 2018"]
[Site "St. Petersburg"]
[Date "2018.12.30"]
[Round "14.23"]
[White "Vo, Thi Kim Phung"]
[Black "Tsatsalashvili, Keti"]
[Result "1-0"]
[WhiteElo "2352"]
[BlackElo "2303"]
[Annotator "NA"]
[PlyCount "153"]
[EventDate "2018.12.19"]
[EventType "swiss"]
[EventCountry "RUS"]
[SourceTitle "playchess.com"]
[Source "ChessBase"]
[SourceQuality "1"]

1. d4 Nf6 2. c4 e6 3. Nc3 Bb4 4. Qc2 d5 5. cxd5 exd5 6. Nf3 O-O 7. Bg5 c6 8. e3 Nbd7 9. Bd3 Re8 10. Bxh7+ Kh8 11. Bf5 Nf8 12. O-O Bd6 13. Bxc8 Rxc8 14. Qf5 Qd7 15. Qxd7 N8xd7 16. Rfe1 Re6 17. Bf4 Bb4 18. a3 Bxc3 19. bxc3 Ne4 20. Rec1 Nb6 21. Ne5 f6 22. Nd3 g5 23. Bg3 Nc4 24. a4 Nxg3 25. hxg3 b6 26. Ra2 a6 27. Nb2 Nxb2 28. Rxb2 b5 29. Ra1 Kg7 30. Kf1 Kf7 31. Ke2 Rc7 32. Rbb1 Rc8 33. Rh1 Kg7 34. Kf3 Rc7 35. Kg4 Kg6 36. Rh8 f5+ 37. Kf3 Rb7 38. axb5 Rxb5 39. Rah1 g4+ 40. Ke2 Rb2+ 41. Kd3 Rxf2 42. R1h6+ Kg7 43. R8h7+ Kg8 44. Rh8+ Kg7 45. R6h7+ Kg6 46. Rh6+ Kg7 47. Rxe6 Kxh8 48. Rxc6 Rxg2 49. Rf6 Rxg3 50. Rxf5 Rg1 51. Rxd5 g3 52. Ke2 Rc1 53. Rg5 Rxc3 54. Rxg3 a5 55. Rg5 a4 56. Ra5 a3 57. Ra7 Kg8 58. Kf3 Kf8 59. Kf4 Rd3 60. Ke4 Rc3 61. d5 Ke8 62. Kd4 Rb3 63. e4 Kd8 64. Ke5 Kc8 65. Ke6 Kb8 66. Ra5 Rh3 67. d6 Rh6+ 68. Kd7 Rh7+ 69. Kc6 Rh3 70. e5 Re3 71. Kd5 Kb7 72. Ke6 Kb6 73. Ra4 Kb7 74. d7 Rd3 75. Ke7 Kc7 76. Rc4+ Kb6 77. d8=Q+ 1-0

[Event "FIDE World Blitz-ch Women 2018"]
[Site "St. Petersburg"]
[Date "2018.12.30"]
[Round "14.24"]
[White "Mammadova, Gulnar"]
[Black "Tsolakidou, Stavroula"]
[Result "1-0"]
[WhiteElo "2368"]
[BlackElo "2387"]
[Annotator "NA"]
[PlyCount "61"]
[EventDate "2018.12.19"]
[EventType "swiss"]
[EventCountry "RUS"]
[SourceTitle "playchess.com"]
[Source "ChessBase"]
[SourceQuality "1"]

1. e4 c5 2. Nf3 d6 3. Bb5+ Nd7 4. a4 g6 5. Nc3 Bg7 6. O-O Ngf6 7. d3 O-O 8. a5 Nb8 9. Re1 a6 10. Bc4 Nc6 11. Nd5 Nxd5 12. exd5 Nxa5 13. Ba2 b5 14. c3 Nb7 15. Bg5 Re8 16. Qd2 Bg4 17. Re3 h6 18. Bh4 g5 19. Bg3 f5 20. h3 Bh5 21. Re2 f4 22. Bh2 Qd7 23. Rae1 Bf6 24. d4 Bxf3 25. gxf3 Qxh3 26. Qd3 Kg7 27. Bb1 Kf8 28. Qg6 Nd8 29. Bf5 Qxf3 30. Bd7 Nf7 31. Be6 1-0

[Event "FIDE World Blitz-ch Women 2018"]
[Site "St. Petersburg"]
[Date "2018.12.30"]
[Round "14.25"]
[White "Nebolsina, Vera"]
[Black "Nakhbayeva, Guliskhan"]
[Result "1-0"]
[WhiteElo "2242"]
[BlackElo "2371"]
[Annotator "NA"]
[PlyCount "85"]
[EventDate "2018.12.19"]
[EventType "swiss"]
[EventCountry "RUS"]
[SourceTitle "playchess.com"]
[Source "ChessBase"]
[SourceQuality "1"]

1. e4 e6 2. d4 d5 3. exd5 exd5 4. Nf3 Nc6 5. Bd3 Bd6 6. O-O Nge7 7. c3 O-O 8. Nh4 Be6 9. Qh5 g6 10. Qh6 Qd7 11. Nd2 Nf5 12. Bxf5 Bxf5 13. Ndf3 f6 14. Nxf5 Qxf5 15. Nh4 Qd7 16. Bf4 Bxf4 17. Qxf4 Rae8 18. Rae1 Re7 19. Rxe7 Qxe7 20. Nf3 Re8 21. h4 Qf7 22. h5 Re4 23. Qg3 Ne7 24. Qxc7 gxh5 25. Qxb7 Rg4 26. Qxa7 Qg7 27. Qb8+ Kf7 28. Qh2 Qg6 29. Re1 Qd3 30. Qxh5+ Qg6 31. Qxg6+ Nxg6 32. a4 Nf4 33. g3 Nd3 34. Re2 Rg8 35. Rd2 Nc1 36. b4 Ra8 37. a5 Rc8 38. Rc2 Nd3 39. b5 Ra8 40. a6 Ke6 41. Ra2 Kd7 42. b6 Kc6 43. b7 1-0

[Event "FIDE World Blitz-ch Women 2018"]
[Site "St. Petersburg"]
[Date "2018.12.30"]
[Round "14.26"]
[White "Maltsevskaya, Aleksandra"]
[Black "Assaubayeva, Bibisara"]
[Result "1/2-1/2"]
[WhiteElo "2243"]
[BlackElo "2372"]
[Annotator "NA"]
[PlyCount "72"]
[EventDate "2018.12.19"]
[EventType "swiss"]
[EventCountry "RUS"]
[SourceTitle "playchess.com"]
[Source "ChessBase"]
[SourceQuality "1"]

1. e4 e5 2. Nf3 Nc6 3. Bb5 a6 4. Ba4 Nf6 5. O-O b5 6. Bb3 Bb7 7. d3 Be7 8. g3 O-O 9. Nc3 d6 10. Bd2 b4 11. Nd5 Nxd5 12. Bxd5 a5 13. c3 bxc3 14. bxc3 Qd7 15. Rb1 Rab8 16. c4 Nb4 17. Bxb4 Bxd5 18. Bxa5 Bc6 19. Qd2 Ba4 20. c5 Bb5 21. Qc3 Bf6 22. Rfd1 c6 23. cxd6 Qxd6 24. Bb4 c5 25. Qxc5 Qxc5 26. Bxc5 Rfd8 27. h3 Ba4 28. Rxb8 Rxb8 29. Ra1 Bc2 30. Bd6 Re8 31. Bxe5 Bxe5 32. Nxe5 f6 33. Ng4 Bxd3 34. f3 Rc8 35. Ne3 Bb5 36. Kf2 Rd8 1/2-1/2

[Event "FIDE World Blitz-ch Women 2018"]
[Site "St. Petersburg"]
[Date "2018.12.30"]
[Round "14.27"]
[White "Haussernot, Cecile"]
[Black "Protopopova, Anastasiya"]
[Result "0-1"]
[WhiteElo "2196"]
[BlackElo "2304"]
[Annotator "NA"]
[PlyCount "104"]
[EventDate "2018.12.19"]
[EventType "swiss"]
[EventCountry "RUS"]
[SourceTitle "playchess.com"]
[Source "ChessBase"]
[SourceQuality "1"]

1. e4 c6 2. d4 d5 3. exd5 cxd5 4. Bd3 Nc6 5. c3 Qc7 6. Ne2 Bg4 7. f3 Bd7 8. O-O e5 9. dxe5 Nxe5 10. Nd4 Bd6 11. Re1 Ne7 12. f4 Nxd3 13. Qxd3 O-O 14. Qf3 Rfe8 15. Be3 Nf5 16. Nxf5 Bxf5 17. Qxd5 Bxf4 18. Qxf5 Bxe3+ 19. Kh1 Rad8 20. Na3 g6 21. Qf3 Bh6 22. Rf1 a6 23. Nc2 Rd2 24. Nb4 Red8 25. Rae1 a5 26. Qf6 Bg7 27. Qh4 axb4 28. Re7 R2d7 29. Re3 bxc3 30. bxc3 Rd1 31. Rfe1 Rxe1+ 32. Rxe1 Rf8 33. c4 h5 34. a4 Qc6 35. a5 Re8 36. Rd1 Qe6 37. c5 Rc8 38. Qf2 Qc6 39. Rf1 Rc7 40. Rc1 Bf8 41. h3 Bxc5 42. Qe2 Qe6 43. Qb5 Qc6 44. Qe2 Rc8 45. Rf1 Bf8 46. Qa2 Qe6 47. Qf2 Bg7 48. Rb1 Qa6 49. Qf3 Qxa5 50. Rxb7 Qe1+ 51. Kh2 Be5+ 52. g3 Rc2+ 0-1

[Event "FIDE World Blitz-ch Women 2018"]
[Site "St. Petersburg"]
[Date "2018.12.30"]
[Round "14.28"]
[White "Vega Gutierrez, Sabrina"]
[Black "Semenova, Elena"]
[Result "1-0"]
[WhiteElo "2390"]
[BlackElo "2260"]
[Annotator "NA"]
[PlyCount "69"]
[EventDate "2018.12.19"]
[EventType "swiss"]
[EventCountry "RUS"]
[SourceTitle "playchess.com"]
[Source "ChessBase"]
[SourceQuality "1"]

1. e4 e5 2. Nf3 Nc6 3. Bc4 Nf6 4. d3 Bc5 5. c3 O-O 6. b4 Be7 7. O-O d5 8. exd5 Nxd5 9. Re1 Bg4 10. h3 Bh5 11. Bb3 Nf6 12. b5 Na5 13. Rxe5 Bd6 14. Re1 Nxb3 15. axb3 Qd7 16. c4 Rfe8 17. Be3 Bb4 18. Rf1 a5 19. bxa6 bxa6 20. d4 a5 21. d5 Ne4 22. Ra2 h6 23. Nbd2 Nc3 24. Qa1 Nxa2 25. Qxa2 Qd6 26. Nd4 Bc5 27. Nf5 Qf8 28. Bxc5 Qxc5 29. Qb2 Qf8 30. Ra1 Bg6 31. Nd4 Re4 32. Nxe4 Bxe4 33. Re1 Re8 34. Qe2 f5 35. f3 1-0

[Event "FIDE World Blitz-ch Women 2018"]
[Site "St. Petersburg"]
[Date "2018.12.30"]
[Round "14.29"]
[White "Michna, Marta"]
[Black "Bezgodova, Svetlana"]
[Result "0-1"]
[WhiteElo "2333"]
[BlackElo "2046"]
[Annotator "NA"]
[PlyCount "110"]
[EventDate "2018.12.19"]
[EventType "swiss"]
[EventCountry "RUS"]
[SourceTitle "playchess.com"]
[Source "ChessBase"]
[SourceQuality "1"]

1. Nf3 Nf6 2. d3 d6 3. e4 e5 4. Be2 Be7 5. O-O O-O 6. c3 Nbd7 7. a4 a5 8. Na3 Re8 9. Nc4 Nf8 10. Ne3 Ng6 11. Nf5 Bf8 12. g3 d5 13. Qc2 h6 14. Re1 dxe4 15. dxe4 Be6 16. Be3 Qd7 17. Rad1 Qc6 18. Nd2 Bc5 19. Bb5 Qb6 20. Bxe8 Rxe8 21. Bxc5 Qxc5 22. Nf1 Qb6 23. Rd2 Bb3 24. Qd3 Bxa4 25. N1e3 c6 26. c4 Bb3 27. Qb1 a4 28. h4 Qc5 29. Nd6 Rb8 30. Nef5 Kh7 31. Qd3 Nf8 32. Qe3 Qb4 33. Nxf7 Bxc4 34. Nxe5 Be6 35. Nd3 Qa5 36. e5 Nd5 37. Qe4 Kg8 38. Nd4 Qxd2 39. Nxe6 Nxe6 40. f4 Re8 41. f5 Nf8 42. e6 Nf6 43. Qc4 Kh7 44. Rf1 Qe3+ 45. Kg2 Qe4+ 46. Qxe4 Nxe4 47. Ne5 Nf6 48. Rd1 Nd5 49. Rd4 Ra8 50. g4 a3 51. bxa3 Rxa3 52. Rxd5 cxd5 53. e7 Ra8 54. Nf7 Nd7 55. g5 Re8 0-1

[Event "FIDE World Blitz-ch Women 2018"]
[Site "St. Petersburg"]
[Date "2018.12.30"]
[Round "14.30"]
[White "Danielian, Elina"]
[Black "Badelka, Olga"]
[Result "1-0"]
[WhiteElo "2427"]
[BlackElo "2385"]
[Annotator "NA"]
[PlyCount "100"]
[EventDate "2018.12.19"]
[EventType "swiss"]
[EventCountry "RUS"]
[SourceTitle "playchess.com"]
[Source "ChessBase"]
[SourceQuality "1"]

1. Nf3 c5 2. g3 Nc6 3. Bg2 d6 4. O-O g6 5. c4 Bg7 6. Nc3 Bf5 7. h3 Qd7 8. Kh2 Nf6 9. d3 h5 10. e4 Be6 11. Ng5 h4 12. g4 Nd4 13. Nxe6 Qxe6 14. f4 Qd7 15. Be3 a6 16. Rb1 Nc6 17. a3 Rb8 18. g5 Nh5 19. Qg4 Qxg4 20. hxg4 Ng3 21. Rfe1 Bd4 22. Bxd4 Nxd4 23. e5 Kd7 24. exd6 Kxd6 25. b4 b6 26. Kh3 e6 27. Rb2 Kc7 28. Reb1 a5 29. Na4 axb4 30. axb4 Nge2 31. bxc5 Nxf4+ 32. Kh2 bxc5 33. Be4 Rxb2+ 34. Rxb2 Rb8 35. Rxb8 Kxb8 36. Nxc5 Kc7 37. Na4 e5 38. Nc3 Kd6 39. Nd5 Nxd5 40. Bxd5 f5 41. gxf6 Ne2 42. g5 Nf4 43. Be4 Ke6 44. c5 Kd7 45. c6+ Kc7 46. f7 Ne6 47. Bxg6 Kxc6 48. Bf5 Nf8 49. g6 Kd6 50. g7 Kd5 1-0

[Event "FIDE World Blitz-ch Women 2018"]
[Site "St. Petersburg"]
[Date "2018.12.30"]
[Round "14.31"]
[White "Tokhirjonova, Gulrukhbegim"]
[Black "Zhukova, Natalia"]
[Result "1-0"]
[WhiteElo "2444"]
[BlackElo "2377"]
[Annotator "NA RC"]
[PlyCount "101"]
[EventDate "2018.12.19"]
[EventType "swiss"]
[EventCountry "RUS"]
[SourceTitle "playchess.com"]
[Source "ChessBase"]
[SourceQuality "1"]

1. e4 e6 2. d4 d5 3. Nd2 c5 4. Ngf3 cxd4 5. Nxd4 Nc6 6. Bb5 Bd7 7. Nxc6 bxc6 8. Bd3 Qc7 9. Qe2 Ne7 10. O-O Ng6 11. Nf3 Bd6 12. Re1 O-O 13. e5 Be7 14. h4 f5 15. h5 Nh8 16. Bg5 Qd8 17. Bxe7 Qxe7 18. c4 Nf7 19. Rac1 g5 20. hxg6 hxg6 21. cxd5 cxd5 22. Rc7 Rfc8 23. Rec1 Qd8 24. Qc2 Rxc7 25. Qxc7 Rc8 26. Qxd8+ Nxd8 27. Rxc8 Bxc8 28. Nd4 g5 29. b4 Kf7 30. g3 f4 31. gxf4 gxf4 32. Kg2 Ke7 33. Kf3 Kd7 34. Kxf4 Kc7 35. Kg5 Nc6 36. Nxc6 Kxc6 37. Kf4 Kb6 38. Ke3 Bd7 39. Kd4 Ba4 40. f4 Bc6 41. Be2 Bb7 42. Bd3 Bc6 43. f5 exf5 44. Bxf5 Kb5 45. a3 Ka4 46. Kc5 Be8 47. Kxd5 Kxa3 48. Kc5 Ka4 49. e6 a5 50. Bc2+ Ka3 51. bxa5 1-0

[Event "FIDE World Blitz-ch Women 2018"]
[Site "St. Petersburg"]
[Date "2018.12.30"]
[Round "14.32"]
[White "Mkrtchian, Lilit"]
[Black "Shafigullina, Zarina"]
[Result "1-0"]
[WhiteElo "2392"]
[BlackElo "2140"]
[Annotator "NA"]
[PlyCount "67"]
[EventDate "2018.12.19"]
[EventType "swiss"]
[EventCountry "RUS"]
[SourceTitle "playchess.com"]
[Source "ChessBase"]
[SourceQuality "1"]

1. c4 e5 2. Nc3 Nc6 3. g3 Nf6 4. Bg2 Bb4 5. Nd5 Nxd5 6. cxd5 Nd4 7. e3 Nf5 8. Ne2 O-O 9. O-O Be7 10. b3 d6 11. Bb2 h5 12. h3 Bd7 13. Rc1 Rc8 14. e4 Nh6 15. d4 exd4 16. Nxd4 h4 17. g4 c5 18. dxc6 bxc6 19. f4 g5 20. f5 Bf6 21. Qd2 Re8 22. Rfd1 Qe7 23. Nf3 Bxb2 24. Qxb2 Qxe4 25. Rxd6 Bxf5 26. Rxh6 f6 27. gxf5 Qxf5 28. Qxf6 Qxf6 29. Rxf6 c5 30. Nxg5 Re2 31. Rf2 Re5 32. Ne4 Kg7 33. Rfc2 Rce8 34. Rxc5 1-0

[Event "FIDE World Blitz-ch Women 2018"]
[Site "St. Petersburg"]
[Date "2018.12.30"]
[Round "14.33"]
[White "Dordzhieva, Dinara"]
[Black "Gvanceladze, Anna"]
[Result "0-1"]
[WhiteElo "2340"]
[BlackElo "2264"]
[Annotator "NA"]
[PlyCount "68"]
[EventDate "2018.12.19"]
[EventType "swiss"]
[EventCountry "RUS"]
[SourceTitle "playchess.com"]
[Source "ChessBase"]
[SourceQuality "1"]

1. Nf3 d5 2. g3 Nf6 3. Bg2 c6 4. c4 g6 5. d4 Bg7 6. cxd5 cxd5 7. Nc3 O-O 8. Ne5 Nc6 9. Nxc6 bxc6 10. O-O Qa5 11. Na4 Bf5 12. Bd2 Qb5 13. Rc1 Ne4 14. Be3 Rac8 15. b3 e5 16. dxe5 Bxe5 17. Nc5 Nxc5 18. Bxc5 Rfe8 19. Be3 Bb2 20. Rc5 Qb4 21. Qe1 Qb7 22. Ra5 d4 23. Bd2 Bd3 24. Bf3 Re6 25. Qd1 Bf5 26. Kg2 h5 27. h3 Be4 28. Bxe4 Rxe4 29. Qc2 Rxe2 30. Qxb2 c5+ 31. Kg1 h4 32. Re1 Rce8 33. Rxe2 Rxe2 34. Kf1 Qf3 0-1

[Event "FIDE World Blitz-ch Women 2018"]
[Site "St. Petersburg"]
[Date "2018.12.30"]
[Round "14.34"]
[White "Murashova, Ekaterina"]
[Black "Sirotkina, Nina"]
[Result "1-0"]
[WhiteElo "2259"]
[BlackElo "2188"]
[Annotator "NA"]
[PlyCount "61"]
[EventDate "2018.12.19"]
[EventType "swiss"]
[EventCountry "RUS"]
[SourceTitle "playchess.com"]
[Source "ChessBase"]
[SourceQuality "1"]

1. e4 c5 2. Nf3 e6 3. d4 cxd4 4. Nxd4 Nc6 5. Nc3 a6 6. g3 Qc7 7. Bg2 Nf6 8. O-O Be7 9. Re1 d6 10. Nxc6 bxc6 11. e5 dxe5 12. Rxe5 Qxe5 13. Bxc6+ Bd7 14. Bxa8 O-O 15. Bf4 Qa5 16. Bg2 e5 17. Bg5 Bf5 18. Qe2 h6 19. Bxf6 Bxf6 20. Nd5 Bd8 21. Qxe5 Bxc2 22. Rc1 Bd3 23. h4 Qxa2 24. Rc8 Qb1+ 25. Kh2 Bb5 26. Qd6 Be7 27. Nxe7+ Kh7 28. Rxf8 Qxb2 29. Be4+ g6 30. Bxg6+ fxg6 31. Qxg6# 1-0

[Event "FIDE World Blitz-ch Women 2018"]
[Site "St. Petersburg"]
[Date "2018.12.30"]
[Round "14.35"]
[White "Maletina, Tatiana"]
[Black "Shvayger, Yuliya"]
[Result "1/2-1/2"]
[WhiteElo "2270"]
[BlackElo "2393"]
[Annotator "NA"]
[PlyCount "141"]
[EventDate "2018.12.19"]
[EventType "swiss"]
[EventCountry "RUS"]
[SourceTitle "playchess.com"]
[Source "ChessBase"]
[SourceQuality "1"]

1. d4 Nf6 2. Bg5 d6 3. Bxf6 exf6 4. c4 f5 5. e3 g6 6. Nc3 Bg7 7. g3 O-O 8. Bg2 c5 9. Nge2 Nd7 10. O-O Nb6 11. Qd3 Be6 12. d5 Bc8 13. Rac1 Nd7 14. b3 Ne5 15. Qd2 Bd7 16. h3 Be8 17. f4 Nd7 18. e4 fxe4 19. Nxe4 Nf6 20. N2c3 Nxe4 21. Nxe4 b5 22. Kh2 bxc4 23. bxc4 Rb8 24. Rb1 f5 25. Ng5 Bd7 26. Rfe1 Bd4 27. Ne6 Bxe6 28. dxe6 Qe7 29. Bd5 Kg7 30. Qa5 Rfc8 31. Rb5 Rxb5 32. Qxb5 Kf6 33. Rb1 Kg7 34. Qa6 Rc7 35. Rb8 g5 36. Rc8 gxf4 37. gxf4 Rxc8 38. Qxc8 Be3 39. Kg3 Kh6 40. Qd7 Qf6 41. Qf7 Qxf7 42. exf7 Kg7 43. h4 Bd2 44. h5 h6 45. Kf3 Bc1 46. Be6 a5 47. Bxf5 Kxf7 48. Ke4 Kf6 49. Bd7 Bd2 50. f5 Kg5 51. Be8 Bc1 52. Bg6 Kf6 53. Kd5 Bf4 54. Kc6 a4 55. a3 Bc1 56. Kb5 Bxa3 57. Kxa4 Bb2 58. Kb5 Be5 59. Kc6 Bf4 60. Kd5 Bg3 61. Bh7 Be5 62. Ke4 Kg5 63. Bg6 Kf6 64. Be8 Bd4 65. Bd7 Bg1 66. Kd5 Bh2 67. Ke4 Bg3 68. Be8 Kg5 69. Bg6 Be5 70. Be8 Bf6 71. Bg6 1/2-1/2

[Event "FIDE World Blitz-ch Women 2018"]
[Site "St. Petersburg"]
[Date "2018.12.30"]
[Round "14.36"]
[White "Fominykh, Maria"]
[Black "Gevorgyan, Maria"]
[Result "1/2-1/2"]
[WhiteElo "2259"]
[BlackElo "2228"]
[Annotator "NA"]
[PlyCount "138"]
[EventDate "2018.12.19"]
[EventType "swiss"]
[EventCountry "RUS"]
[SourceTitle "playchess.com"]
[Source "ChessBase"]
[SourceQuality "1"]

1. Nf3 Nf6 2. g3 e6 3. Bg2 d5 4. d3 Be7 5. O-O c5 6. Nbd2 Nc6 7. e4 b5 8. Re1 O-O 9. e5 Nd7 10. c4 bxc4 11. dxc4 Nb6 12. b3 Rb8 13. h4 dxc4 14. bxc4 Ba6 15. Bf1 Nd4 16. Ne4 Bxc4 17. Bg5 Bxf1 18. Bxe7 Qxe7 19. Kxf1 Rfd8 20. Nfg5 h6 21. Nh3 Nc4 22. Qc1 Nxe5 23. Qxc5 Qxc5 24. Nxc5 Nef3 25. Red1 Rb2 26. Nd3 Rd2 27. Nhf4 Nc2 28. Rac1 Rxd1+ 29. Rxd1 e5 30. Ne2 e4 31. Nb2 Rxd1+ 32. Nxd1 Nd2+ 33. Kg2 Ne1+ 34. Kh3 Kf8 35. Nec3 Ke7 36. Ne3 Ke6 37. Kg4 Ke5 38. Nb5 g6 39. Nxa7 f5+ 40. Kh3 Nd3 41. Kg2 Nb4 42. a4 Nb3 43. Nc4+ Kd4 44. Nd6 Kc5 45. Nf7 Kd5 46. Nxh6 Nc5 47. Nc8 Nxa4 48. Ne7+ Ke6 49. Nxg6 Kf6 50. Nf4 Nc5 51. Ng8+ Kf7 52. Nh6+ Kf6 53. Ng8+ Kg7 54. Ne7 Kf6 55. Ned5+ Nxd5 56. Nxd5+ Ke5 57. Nf4 Nd7 58. Kf1 Nf6 59. Ke2 Kd4 60. f3 Ke5 61. h5 Kd4 62. h6 Ke5 63. fxe4 Kxe4 64. Ne6 Nh7 65. Kf2 Ke5 66. Ng7 Kf6 67. Ke3 Kg5 68. Nxf5 Kxf5 69. Kf3 Ke5 1/2-1/2

[Event "FIDE World Blitz-ch Women 2018"]
[Site "St. Petersburg"]
[Date "2018.12.30"]
[Round "14.37"]
[White "Kabanova, Ekaterina"]
[Black "Lysenko, Margarita"]
[Result "0-1"]
[WhiteElo "2095"]
[BlackElo "2190"]
[Annotator "NA"]
[PlyCount "145"]
[EventDate "2018.12.19"]
[EventType "swiss"]
[EventCountry "RUS"]
[SourceTitle "playchess.com"]
[Source "ChessBase"]
[SourceQuality "1"]

1. c4 e5 2. e3 Nf6 3. a3 g6 4. Qc2 Bg7 5. b4 O-O 6. Bb2 Re8 7. d3 d5 8. cxd5 Nxd5 9. Nd2 Nb6 10. Be2 Nc6 11. Rc1 a6 12. Ngf3 Bf5 13. O-O Qd7 14. Rfe1 Rad8 15. Ne4 Qc8 16. Nc5 h6 17. Nh4 Bg4 18. Nf3 Nb8 19. h3 Bxf3 20. Bxf3 c6 21. Be4 N8d7 22. Nb3 Nf6 23. Bf3 Nfd5 24. Nc5 Kh7 25. Qb1 f5 26. Be2 Qc7 27. Ba1 Qe7 28. Bf1 f4 29. exf4 Nxf4 30. g3 Nfd5 31. Bg2 Qf7 32. Re2 Kh8 33. Rce1 Rf8 34. Qc2 Rde8 35. Qd2 Nc8 36. Bxe5 Kh7 37. Bxg7 Kxg7 38. Ne6+ Kg8 39. Qxh6 Nd6 40. Nxf8 Rxf8 41. Bxd5 cxd5 42. Qe3 Nf5 43. Qe6 Nd4 44. Qxf7+ Rxf7 45. Re7 Nf3+ 46. Kg2 Nxe1+ 47. Rxe1 Rc7 48. Re5 Rc3 49. Rxd5 Rxa3 50. Rd8+ Kg7 51. Rd7+ Kh6 52. Rxb7 Rxd3 53. Rb6 Ra3 54. h4 Kh5 55. f3 Ra2+ 56. Kh3 Ra3 57. g4+ Kh6 58. Kg3 Kg7 59. Rb7+ Kf6 60. Kf4 Ra4 61. Rb6+ Kf7 62. Kg5 Ra3 63. f4 a5 64. bxa5 Rxa5+ 65. f5 gxf5 66. Rb7+ Kg8 67. gxf5 Ra6 68. h5 Rc6 69. f6 Rc1 70. Rg7+ Kf8 71. Kh6 Rf1 72. Rg6 Rf5 73. Rg5 0-1